00505cam a2200157 450000100040000000500170000400800390002101000160006002000330007610000170010924500410012626000500016730000350021750400680025265000270032035020181127161343.0970801s1998 njua b 001 0 eng a 97033459 a0691017069 (cl : alk. paper)1 aRay, Debraj.10aDevelopment economics /cDebraj Ray. aNew Delhi :bOxford University Press, c2011. axvii, 848 p. :bill. ;c26 cm. aIncludes bibliographical references (p. [805]-828) and indexes. 0aDevelopment economics.